Bhavans journal (Record no. 225053)
[ view plain ]
| 000 -LEADER | |
|---|---|
| fixed length control field | 00481nam a22001817a 4500 |
| 005 - DATE AND TIME OF LATEST TRANSACTION | |
| control field | 20221107164103.0 |
| 008 - FIXED-LENGTH DATA ELEMENTS--GENERAL INFORMATION | |
| fixed length control field | 221107b ||||| |||| 00| 0 eng d |
| 040 ## - CATALOGING SOURCE | |
| Transcribing agency | AL |
| 041 ## - LANGUAGE CODE | |
| Language code of text/sound track or separate title | eng |
| 082 ## - DEWEY DECIMAL CLASSIFICATION NUMBER | |
| Edition number | 23 |
| Classification number | 001.05 |
| Item number | BHAB |
| 100 ## - MAIN ENTRY--PERSONAL NAME | |
| Personal name | Bharatiya Vidya Bhavan |
| 100 ## - MAIN ENTRY--PERSONAL NAME | |
| 9 (RLIN) | 61296 |
| 245 ## - TITLE STATEMENT | |
| Title | Bhavans journal |
| 260 ## - PUBLICATION, DISTRIBUTION, ETC. | |
| Place of publication, distribution, etc. | Mumbai |
| Name of publisher, distributor, etc. | Bharatiya Vidya Bhavan |
| Date of publication, distribution, etc. | 2002 |
| 300 ## - PHYSICAL DESCRIPTION | |
| Extent | 266p. |
| Other physical details | PB |
| Dimensions | 20x18cm. |
| 650 ## - SUBJECT ADDED ENTRY--TOPICAL TERM | |
| Topical term or geographic name entry element | Magazine |
| 9 (RLIN) | 61297 |
| 700 ## - ADDED ENTRY--PERSONAL NAME | |
| Personal name | BHARATIYA VIDYA BHAVAN |
| 9 (RLIN) | 61298 |
| 942 ## - ADDED ENTRY ELEMENTS (KOHA) | |
| Source of classification or shelving scheme | Dewey Decimal Classification |
| Koha item type | George Fernandes Collections |
| Withdrawn status | Lost status | Source of classification or shelving scheme | Damaged status | Not for loan | Collection code | Home library | Current library | Date acquired | Total Checkouts | Full call number | Barcode | Date last seen | Price effective from | Koha item type |
|---|---|---|---|---|---|---|---|---|---|---|---|---|---|---|
| Dewey Decimal Classification | Others | St Aloysius Library | St Aloysius Library | 03/24/2013 | 001.05 BHAB | GF03883 | 11/07/2022 | 11/07/2022 | George Fernandes Collections |